00683nam a2200229 a 4500001001300000003000900013005001700022008004100039020002300080082002000103100001900123245006200142260002400204300000900228500003500237505001000272650001600282902000800298942000700306952012300313999001700436nice12345678IN_TiNIC20260116015029.0050524s2000 gena grp 000 0 eng  a2825448 c53600a305.608091bMUD aMudge, Lewis S aDemocratic Contracts for Sustainable and Caring Societies aGeneva bWCC c2000 a197p aincludes index and biblioraphy2 aIndex aChurch-Work bSRS cBK 001040708StackRoom-aHMIbHMId2007-03-27g536.00l0o305.608091 MUDp11001140r2007-03-27v536.00w2005-05-24yBK c18023d18023